[Event "Marienbad Open 2022 - C FIDE Open"]
[Site "Continental hotel, Marianske Lazne"]
[Date "2022.01.16"]
[Round "2"]
[Board "4"]
[White "Goossens, Hanne"]
[Black "Borisek, Anze"]
[Result "1-0"]
[WhiteElo "2133"]
[BlackElo "1895"]
[PlyCount "127"]
[EventDate "2022.01.15"]
[EventRounds "9"]
[EventCountry "CZE"]

1. e4 Nc6 2. Nf3 d6 3. d4 Nf6 4. Nc3 e5 5. Bb5 exd4 6. Nxd4 Bd7 7. O-O Nxd4 8.
Bxd7+ Nxd7 9. Qxd4 Be7 10. Qxg7 Bf6 11. Qg4 Bxc3 12. bxc3 Qf6 13. Rb1 b6 14.
Re1 Ne5 15. Qg3 Qg6 16. Bf4 Qxg3 17. Bxg3 O-O-O 18. f3 h5 19. Bh4 Rdg8 20. Kf2
Rg6 21. h3 a6 22. a4 Nd7 23. a5 bxa5 24. Ra1 Nc5 25. Rxa5 Kd7 26. Kf1 Rhg8 27.
g4 hxg4 28. hxg4 Ra8 29. Bf2 Nb7 30. Ra4 Rg5 31. Rb1 Kc6 32. Ke2 Nc5 33. Bxc5
Rxc5 34. Kd3 a5 35. c4 Rh8 36. Re1 Rg5 37. Ke3 Rh2 38. Re2 Rh3 39. Kf4 f6 40.
Rd2 Kb6 41. Ra3 Rc5 42. Rd4 Rh2 43. c3 Rh8 44. Rd5 Rxd5 45. exd5 Rh3 46. Ke4
Rh4 47. Kf5 Rh6 48. f4 Rh4 49. g5 fxg5 50. fxg5 Rh1 51. g6 Rf1+ 52. Ke6 Re1+
53. Kf7 Rf1+ 54. Kg8 Rg1 55. g7 Rg4 56. Ra1 Rg3 57. Rf1 a4 58. Kf7 Kc5 59. g8=Q
Rxg8 60. Kxg8 Kxc4 61. Rd1 a3 62. Kf7 Kxc3 63. Ke6 Kc2 64. Rh1  1-0

[Event "Marienbad Open 2022 - C FIDE Open"]
[Site "Continental hotel, Marianske Lazne"]
[Date "2022.01.16"]
[Round "2"]
[Board "5"]
[White "Macek, Kamil"]
[Black "Azhar, Puteri Munajjah Az-Zahraa"]
[Result "0-1"]
[WhiteElo "1855"]
[BlackElo "2052"]
[PlyCount "82"]
[EventDate "2022.01.15"]
[EventRounds "9"]
[EventCountry "CZE"]

1. e4 e5 2. Nf3 Nc6 3. d4 exd4 4. Nxd4 Nf6 5. Nc3 Bb4 6. Nxc6 dxc6 7. Qxd8+
Kxd8 8. Bg5 h6 9. Bxf6+ gxf6 10. Bc4 Rg8 11. O-O-O+ Ke7 12. Rhg1 Bc5 13. Rdf1
Be6 14. Bxe6 fxe6 15. Na4 Bd6 16. g3 b5 17. Nc3 Bc5 18. Kd1 Bd4 19. Ke2 Rg4 20.
h3 Rg5 21. Rd1 Bxc3 22. bxc3 Rc5 23. Rd3 Rd8 24. Rb1 a5 25. Ke3 h5 26. Rxd8
Kxd8 27. Kd3 Ke7 28. f4 Kf7 29. Re1 Rc4 30. g4 h4 31. f5 Ra4 32. e5 exf5 33.
e6+ Ke7 34. gxf5 Rf4 35. Re4 Rxf5 36. Rxh4 Kxe6 37. c4 b4 38. Re4+ Kd6 39. Kd4
c5+ 40. Kd3 Rh5 41. Re3 Rh4  0-1

[Event "Marienbad Open 2022 - C FIDE Open"]
[Site "Continental hotel, Marianske Lazne"]
[Date "2022.01.16"]
[Round "2"]
[Board "6"]
[White "Gorkiewicz, Mateusz"]
[Black "Skokan, Frantisek"]
[Result "1-0"]
[WhiteElo "2028"]
[BlackElo "1840"]
[PlyCount "95"]
[EventDate "2022.01.15"]
[EventRounds "9"]
[EventCountry "CZE"]

1. e4 c5 2. Nf3 Nc6 3. d4 cxd4 4. Nxd4 g6 5. g3 Bg7 6. Ne2 Nf6 7. Bg2 O-O 8.
O-O d6 9. Nbc3 Rb8 10. a4 a6 11. Nd5 Nxd5 12. exd5 Ne5 13. h3 Bd7 14. Nd4 Qc8
15. Kh2 Qc4 16. Be3 Qc7 17. b3 Bc8 18. c4 Nd7 19. Rc1 Nf6 20. c5 Ra8 21. Bf4
Qd8 22. c6 Ne8 23. cxb7 Bxb7 24. Nc6 Bxc6 25. Rxc6 Nf6 26. Qd3 a5 27. Rfc1 Nd7
28. Qc2 Ne5 29. Rc7 Bf6 30. Be3 Kg7 31. f4 Nd7 32. Qc6 Nc5 33. Bxc5 dxc5 34.
Qxc5 Qd6 35. Qxd6 exd6 36. Bf1 Bb2 37. R1c2 Ba3 38. Bb5 Rfd8 39. g4 Rf8 40. g5
h6 41. Kg3 Rab8 42. Kg4 h5+ 43. Kf3 Kg8 44. f5 f6 45. Kf4 fxg5+ 46. Kxg5 Rxf5+
47. Kh6 Rbf8 48. Bd7  1-0

[Event "Marienbad Open 2022 - C FIDE Open"]
[Site "Continental hotel, Marianske Lazne"]
[Date "2022.01.16"]
[Round "2"]
[Board "7"]
[White "Mohsen, Nur Batrisya Wafa"]
[Black "Laith, Kasib"]
[Result "0-1"]
[WhiteElo "1208"]
[BlackElo "2020"]
[PlyCount "62"]
[EventDate "2022.01.15"]
[EventRounds "9"]
[EventCountry "CZE"]

1. Nf3 d6 2. c4 g6 3. g3 Bg7 4. Bg2 Nf6 5. d4 O-O 6. Nc3 Nc6 7. O-O e5 8. dxe5
dxe5 9. a3 Be6 10. Qa4 Qc8 11. Ng5 Bd7 12. e3 h6 13. Nf3 e4 14. Nd2 Nd4 15. Qd1
Bg4 16. f3 exf3 17. Nxf3 Nc6 18. Qc2 Bh3 19. Bd2 Bxg2 20. Kxg2 Re8 21. Rae1 Qd7
22. Re2 Rad8 23. Rfe1 Ne5 24. Nxe5 Rxe5 25. Nb5 Ne4 26. Nd4 Ng5 27. Bc3 Qh3+
28. Kg1 c5 29. Nb3 Nf3+ 30. Kh1 Nxe1 31. Rxe1 Rxe3  0-1

[Event "Marienbad Open 2022 - C FIDE Open"]
[Site "Continental hotel, Marianske Lazne"]
[Date "2022.01.16"]
[Round "2"]
[Board "9"]
[White "Nytra, Ondrej"]
[Black "Buchta, Bartolomej"]
[Result "1/2-1/2"]
[WhiteElo "2146"]
[BlackElo "1901"]
[PlyCount "61"]
[EventDate "2022.01.15"]
[EventRounds "9"]
[EventCountry "CZE"]

1. e4 c5 2. Nf3 d6 3. d4 cxd4 4. Nxd4 Nf6 5. Nc3 a6 6. Be2 e6 7. O-O Nbd7 8. a4
b6 9. f4 Bb7 10. Bf3 Be7 11. Qe2 Nc5 12. b4 Ncd7 13. Bb2 O-O 14. e5 Bxf3 15.
Qxf3 dxe5 16. Nc6 e4 17. Nxe4 Qe8 18. Nxe7+ Qxe7 19. Nxf6+ Nxf6 20. c4 Rfd8 21.
Qb3 Ne4 22. Rfe1 f5 23. Rad1 a5 24. Ba3 Qc7 25. g3 Nd2 26. Qe3 Nxc4 27. Rc1
Nxe3 28. Rxc7 Nd5 29. Rb7 Nxb4 30. Bb2 Nc6 31. Rxe6  1/2-1/2

[Event "Marienbad Open 2022 - C FIDE Open"]
[Site "Continental hotel, Marianske Lazne"]
[Date "2022.01.16"]
[Round "2"]
[Board "10"]
[White "Schoeppe, Christian"]
[Black "Paseka, Matyas"]
[Result "0-1"]
[WhiteElo "1439"]
[BlackElo "2052"]
[PlyCount "100"]
[EventDate "2022.01.15"]
[EventRounds "9"]
[EventCountry "CZE"]

1. e4 c5 2. c3 d5 3. exd5 Qxd5 4. Nf3 Bg4 5. Be2 Nf6 6. d3 Nc6 7. Be3 e6 8.
Nbd2 Be7 9. c4 Qd7 10. Qc2 Rd8 11. a3 O-O 12. O-O Qc7 13. h3 Bh5 14. Rfe1 Rd7
15. b4 cxb4 16. axb4 Nxb4 17. Qb3 a5 18. Bd4 Bg6 19. Be5 Qd8 20. d4 Nc2 21. c5
Nxe1 22. Rxe1 b6 23. Bb5 bxc5 24. Bxd7 Nxd7 25. dxc5 Nxc5 26. Qa2 Nd3 27. Rd1
Nxe5 28. Nxe5 Be4 29. Qa4 Bd5 30. Nd7 Re8 31. Nb6 Bb4 32. Ndc4 Bc6 33. Rxd8
Bxa4 34. Rd3 Bb5 35. Kf1 Rc8 36. Ke2 Bxc4 37. Nxc4 Rxc4 38. Rd8+ Bf8 39. Kd3
Rc5 40. Ra8 g6 41. Kd4 Rd5+ 42. Kc3 Kg7 43. g4 Bb4+ 44. Kc4 Rc5+ 45. Kd4 Rc3
46. h4 Rh3 47. h5 gxh5 48. gxh5 Rxh5 49. f4 Rd5+ 50. Kc4 Rf5  0-1

[Event "Marienbad Open 2022 - C FIDE Open"]
[Site "Continental hotel, Marianske Lazne"]
[Date "2022.01.17"]
[Round "3"]
[Board "1"]
[White "Kolbus, Dietmar"]
[Black "Gorkiewicz, Mateusz"]
[Result "1/2-1/2"]
[WhiteElo "2301"]
[BlackElo "2028"]
[PlyCount "65"]
[EventDate "2022.01.15"]
[EventRounds "9"]
[EventCountry "CZE"]

1. c4 e6 2. Nf3 Nf6 3. b3 d5 4. Bb2 Be7 5. g3 O-O 6. Bg2 b6 7. O-O Bb7 8. cxd5
Nxd5 9. d4 Nd7 10. Nbd2 c5 11. Qb1 Rc8 12. Rc1 cxd4 13. Bxd4 Rxc1+ 14. Qxc1 Bf6
15. Qb2 Qe7 16. Bxf6 N5xf6 17. Rc1 Nc5 18. b4 Nce4 19. Nxe4 Bxe4 20. Ne5 Bxg2
21. Kxg2 Qb7+ 22. f3 Rc8 23. Rxc8+ Qxc8 24. e4 h6 25. a3 Nd7 26. Nxd7 Qxd7 27.
Qc3 Qd1 28. g4 Qe2+ 29. Kg3 g5 30. Qd4 Qe1+ 31. Kg2 Qe2+ 32. Kg3 Qe1+ 33. Kg2
 1/2-1/2

[Event "Marienbad Open 2022 - C FIDE Open"]
[Site "Continental hotel, Marianske Lazne"]
[Date "2022.01.17"]
[Round "3"]
[Board "2"]
[White "Azhar, Puteri Munajjah Az-Zahraa"]
[Black "Froeyman, Helmut"]
[Result "0-1"]
[WhiteElo "2052"]
[BlackElo "2301"]
[PlyCount "78"]
[EventDate "2022.01.15"]
[EventRounds "9"]
[EventCountry "CZE"]

1. d4 f5 2. Bg5 h6 3. Bh4 g5 4. e3 Bg7 5. Bg3 c5 6. h4 cxd4 7. exd4 Qb6 8. hxg5
Qxb2 9. Qh5+ Kf8 10. Bc4 d5 11. Bxd5 e6 12. Bd6+ Ne7 13. Qg6 Bxd4 14. Bxe6 Bxe6
15. Qxe6 Nbc6 16. g6 Ke8 17. Ne2 Qxa1 18. O-O Rf8 19. Ba3 Bxf2+ 20. Kxf2 Rf6
21. Qb3 Qe5 22. g7 Rg6 23. Nbc3 Rxg7 24. Nb5 Rd8 25. Re1 Rd2 26. Bb2 Qc5+ 27.
Kf1 Rg4 28. Nc7+ Kd7 29. Ne6 Qb4 30. Qe3 Rd5 31. Ba3 Qe4 32. Nc5+ Rxc5 33. Qxe4
Rxe4 34. Bxc5 b6 35. Ba3 Nd5 36. Rd1 Ke6 37. Kf2 Ne5 38. Nd4+ Kf6 39. Nxf5 Nc3
 0-1

[Event "Marienbad Open 2022 - C FIDE Open"]
[Site "Continental hotel, Marianske Lazne"]
[Date "2022.01.17"]
[Round "3"]
[Board "3"]
[White "Laith, Kasib"]
[Black "Goossens, Hanne"]
[Result "0-1"]
[WhiteElo "2020"]
[BlackElo "2133"]
[PlyCount "66"]
[EventDate "2022.01.15"]
[EventRounds "9"]
[EventCountry "CZE"]

1. e4 c5 2. Nf3 d6 3. g3 Nf6 4. d3 g6 5. Bg2 Bg7 6. O-O Nc6 7. c3 O-O 8. Re1 e5
9. a3 b5 10. h3 a5 11. a4 b4 12. Be3 h6 13. Nbd2 Kh7 14. d4 bxc3 15. bxc3 cxd4
16. cxd4 Ba6 17. Rc1 Rc8 18. Qb3 Nd7 19. d5 Nb4 20. Bf1 Bxf1 21. Rxf1 f5 22.
Rxc8 Qxc8 23. exf5 gxf5 24. Nc4 Nc5 25. Qb1 Nxa4 26. Rc1 Nxd5 27. Nxa5 Nac3 28.
Qc2 e4 29. Nd4 Nxe3 30. Qxc3 Qxc3 31. Rxc3 Bxd4 32. Rc7+ Kg8 33. Nc6 Nd5  0-1

[Event "Marienbad Open 2022 - C FIDE Open"]
[Site "Continental hotel, Marianske Lazne"]
[Date "2022.01.17"]
[Round "3"]
[Board "4"]
[White "Balje, Jan"]
[Black "Kastner, Jan"]
[Result "1/2-1/2"]
[WhiteElo "2198"]
[BlackElo "2001"]
[PlyCount "63"]
[EventDate "2022.01.15"]
[EventRounds "9"]
[EventCountry "CZE"]

1. d4 Nf6 2. c4 e6 3. g3 d5 4. Nf3 c6 5. Bg2 Be7 6. O-O O-O 7. Qc2 Nbd7 8. Rd1
Ne4 9. Nfd2 f5 10. Nxe4 fxe4 11. f3 exf3 12. Bxf3 dxc4 13. Qxc4 Nb6 14. Qc2 Bg5
15. Bxg5 Qxg5 16. Qd2 Qxd2 17. Nxd2 Re8 18. Ne4 e5 19. dxe5 Nd5 20. Nd6 Rxe5
21. Rac1 Ne3 22. Rd3 Nf5 23. Nc4 Re8 24. Na5 Ne7 25. Re3 Rb8 26. Rd1 Kf8 27. b4
Ng6 28. Rxe8+ Kxe8 29. a4 Ne5 30. Be4 g6 31. h4 Ke7 32. Nb3  1/2-1/2

[Event "Marienbad Open 2022 - C FIDE Open"]
[Site "Continental hotel, Marianske Lazne"]
[Date "2022.01.17"]
[Round "3"]
[Board "5"]
[White "Paseka, Matyas"]
[Black "Azhar, Puteri Rifqah Fahada"]
[Result "1-0"]
[WhiteElo "2052"]
[BlackElo "1939"]
[PlyCount "95"]
[EventDate "2022.01.15"]
[EventRounds "9"]
[EventCountry "CZE"]

1. e4 d5 2. exd5 Qxd5 3. Nc3 Qa5 4. d4 c6 5. Bc4 Nf6 6. Bd2 Qc7 7. Qe2 Bf5 8.
Nf3 e6 9. O-O-O Bd6 10. Ne5 Bxe5 11. dxe5 Nd5 12. g4 Bg6 13. Bxd5 cxd5 14. Bf4
a6 15. Bg3 Qc4 16. Qxc4 dxc4 17. Rd4 b5 18. Rd6 Nd7 19. f3 Nc5 20. Bf2 Nd7 21.
f4 b4 22. Na4 Be4 23. Rhd1 Bd5 24. c3 a5 25. Bg3 Rc8 26. Ra6 O-O 27. Rxa5 b3
28. axb3 cxb3 29. Bf2 Rc4 30. Rd4 Rfc8 31. Ra7 Rxd4 32. Bxd4 Bc6 33. c4 Bb5 34.
Nc5 Nxc5 35. cxb5 g5 36. fxg5 Kg7 37. b6 Nd7+ 38. Kd2 Nxb6 39. Bxb6 Rc2+ 40.
Kd3 Rxb2 41. Kc3 Rxh2 42. Kxb3 Rg2 43. Ra4 Rg3+ 44. Kc2 h6 45. gxh6+ Kxh6 46.
Bd8 Kg6 47. Bf6 Rf3 48. Ra8  1-0

[Event "Marienbad Open 2022 - C FIDE Open"]
[Site "Continental hotel, Marianske Lazne"]
[Date "2022.01.17"]
[Round "3"]
[Board "6"]
[White "Van Herck, Marcel"]
[Black "Vantuch, Lucian"]
[Result "0-1"]
[WhiteElo "1983"]
[BlackElo "1997"]
[PlyCount "80"]
[EventDate "2022.01.15"]
[EventRounds "9"]
[EventCountry "CZE"]

1. d4 Nf6 2. c4 g6 3. Nc3 Bg7 4. e4 O-O 5. Be2 d6 6. Bg5 h6 7. Be3 Nbd7 8. Qd2
c5 9. d5 Kh7 10. h3 a6 11. Nf3 Qa5 12. O-O b5 13. a3 bxc4 14. Bxc4 Nb6 15. Bd3
Nfd7 16. Nd1 Qxd2 17. Nxd2 f5 18. f3 f4 19. Bf2 Ne5 20. Be2 e6 21. dxe6 Bxe6
22. Rc1 Nc6 23. Nc3 Nd4 24. Rfd1 Nxe2+ 25. Nxe2 Bxb2 26. Rc2 Bxa3 27. Nb1 Nc4
28. Nxf4 Rxf4 29. Rxc4 Bxc4 30. Nxa3 Bb5 31. Rxd6 Rc8 32. Rd5 c4 33. Nxb5 axb5
34. Rxb5 c3 35. Rb7+ Kg8 36. Be3 Rf6 37. Bxh6 c2 38. Kf2 c1=Q 39. Bxc1 Rxc1 40.
Ke3 Rc2  0-1

[Event "Marienbad Open 2022 - C FIDE Open"]
[Site "Continental hotel, Marianske Lazne"]
[Date "2022.01.17"]
[Round "3"]
[Board "7"]
[White "Nytra, Ondrej"]
[Black "Hubka, Roland"]
[Result "1-0"]
[WhiteElo "2146"]
[BlackElo "1921"]
[PlyCount "68"]
[EventDate "2022.01.15"]
[EventRounds "9"]
[EventCountry "CZE"]

1. e4 e6 2. d4 d5 3. e5 c5 4. c3 Qb6 5. Nf3 Nc6 6. a3 c4 7. Nbd2 Na5 8. g3 Nh6
9. h4 Bd7 10. Bh3 Be7 11. O-O Nf5 12. Ne1 O-O 13. Ng2 Rad8 14. Nf3 g6 15. h5
Ng7 16. hxg6 fxg6 17. Rb1 Rde8 18. Bh6 Rf7 19. Bxg7 Kxg7 20. Ne3 Qd8 21. Nd2
Nc6 22. f4 Ref8 23. Qe2 b5 24. Nxd5 exd5 25. Bxd7 Qb6 26. Nf3 Rd8 27. Bh3 a5
28. Ng5 Bxg5 29. fxg5 Rdf8 30. Rf6 Re7 31. Rbf1 Rfe8 32. Qf2 Qb7 33. Rf8 h5 34.
Qf6+ Kh7  1-0

[Event "Marienbad Open 2022 - C FIDE Open"]
[Site "Continental hotel, Marianske Lazne"]
[Date "2022.01.17"]
[Round "3"]
[Board "8"]
[White "Svizensky, Lubos"]
[Black "Ochedzan, Filip"]
[Result "1-0"]
[WhiteElo "1935"]
[BlackElo "1766"]
[PlyCount "81"]
[EventDate "2022.01.15"]
[EventRounds "9"]
[EventCountry "CZE"]

1. d4 Nf6 2. Nf3 e6 3. c4 Bb4+ 4. Nbd2 Be7 5. e4 d5 6. cxd5 exd5 7. e5 Nfd7 8.
Qb3 Nb6 9. Qc2 Bg4 10. Bd3 h6 11. h3 Be6 12. Nb3 N6d7 13. Be3 a6 14. Rc1 Nc6
15. a3 O-O 16. O-O f6 17. Bh7+ Kh8 18. Nh4 f5 19. Nxf5 Bxf5 20. Bxf5 Nb6 21.
Bd3 Qe8 22. Bg6 Qd8 23. Qe2 Nc4 24. Bb1 Nxe3 25. Qxe3 Rf7 26. Nc5 Bxc5 27. Rxc5
Ne7 28. Qd3 g6 29. f4 c6 30. g4 Qg8 31. Kh2 Qg7 32. Rc2 Raf8 33. Rcf2 Qh7 34.
f5 g5 35. f6 Qg8 36. e6 Nc8 37. exf7 Qxf7 38. Qg6 Nd6 39. Qg7+ Qxg7 40. fxg7+
Kxg7 41. Rxf8  1-0

[Event "Marienbad Open 2022 - C FIDE Open"]
[Site "Continental hotel, Marianske Lazne"]
[Date "2022.01.17"]
[Round "3"]
[Board "9"]
[White "Landstorfer, Franz-Robert"]
[Black "Peglau, Dora"]
[Result "0-1"]
[WhiteElo "1805"]
[BlackElo "1926"]
[PlyCount "98"]
[EventDate "2022.01.15"]
[EventRounds "9"]
[EventCountry "CZE"]

1. Nf3 c5 2. b3 Nf6 3. Bb2 g6 4. Bxf6 exf6 5. c4 Bg7 6. Nc3 O-O 7. g3 b6 8. Bg2
Bb7 9. O-O f5 10. Rc1 Nc6 11. Nd5 Ne7 12. d4 Nxd5 13. cxd5 d6 14. dxc5 dxc5 15.
Ne1 Qd6 16. Qd2 Rad8 17. Rd1 Rfe8 18. Nc2 Qe5 19. e3 Ba6 20. Rfe1 Qb2 21. Rb1
Bc3 22. Rxb2 Bxd2 23. Rd1 Bc3 24. Rbb1 Be2 25. Na3 Bxd1 26. Rxd1 Be5 27. Nc4
Kg7 28. a4 Kf6 29. f4 Bc7 30. Kf2 a6 31. Ra1 b5 32. axb5 axb5 33. Ra6+ Kg7 34.
Nd2 Rd6 35. Ra1 Bb6 36. Re1 Ra8 37. Re2 Ra2 38. Ke1 Ba5 39. e4 fxe4 40. Bxe4
Kf6 41. Kd1 Rxd2+ 42. Rxd2 Bxd2 43. Kxd2 Ra6 44. Kc3 Ke7 45. Kb2 Kd6 46. Bg2
Ra7 47. Bf1 Rb7 48. Bg2 Re7 49. Kc3 Re3+  0-1

[Event "Marienbad Open 2022 - C FIDE Open"]
[Site "Continental hotel, Marianske Lazne"]
[Date "2022.01.17"]
[Round "3"]
[Board "10"]
[White "Stojkovic, Andreja"]
[Black "Lang, Simon"]
[Result "1-0"]
[WhiteElo "1925"]
[BlackElo "1701"]
[PlyCount "83"]
[EventDate "2022.01.15"]
[EventRounds "9"]
[EventCountry "CZE"]

1. e4 e6 2. d4 d5 3. e5 c5 4. c3 Nc6 5. Nf3 Bd7 6. Bd3 Qb6 7. O-O Rc8 8. dxc5
Bxc5 9. b4 Nxb4 10. cxb4 Bd4 11. Be3 Bxe3 12. fxe3 Qxe3+ 13. Kh1 Nh6 14. Qd2
Qb6 15. Qf4 Bb5 16. Bxb5+ Qxb5 17. Nbd2 O-O 18. a4 Qb6 19. Rac1 Nf5 20. Nh4 Ne3
21. a5 Rxc1 22. Rxc1 Qd8 23. g3 Nc4 24. Nxc4 dxc4 25. Qxc4 Qd2 26. Nf3 Qf2 27.
Rf1 Qe3 28. Qf4 Qd3 29. Ng5 Qd5+ 30. Qe4 Qb5 31. Kg1 f5 32. Qh4 h6 33. Nxe6 Rc8
34. Nc5 b6 35. axb6 axb6 36. Qe7 Rc6 37. Ne6 Qxe5 38. Qe8+ Kh7 39. Qxc6 Qe3+
40. Kg2 Qd2+ 41. Rf2 Qxb4 42. Qf3  1-0

[Event "Marienbad Open 2022 - C FIDE Open"]
[Site "Continental hotel, Marianske Lazne"]
[Date "2022.01.18"]
[Round "4"]
[Board "1"]
[White "Froeyman, Helmut"]
[Black "Goossens, Hanne"]
[Result "1/2-1/2"]
[WhiteElo "2301"]
[BlackElo "2133"]
[PlyCount "45"]
[EventDate "2022.01.15"]
[EventRounds "9"]
[EventCountry "CZE"]

1. e4 c5 2. Nf3 d6 3. d4 cxd4 4. Nxd4 Nf6 5. Nc3 Nc6 6. Bg5 e6 7. Qd2 a6 8.
O-O-O Bd7 9. f4 Be7 10. Nf3 b5 11. e5 b4 12. exf6 bxc3 13. Qxc3 gxf6 14. a3 a5
15. Bh4 Rc8 16. Qe3 Qc7 17. Rd2 a4 18. Kb1 d5 19. Be2 Na5 20. Qd4 Nc6 21. Qe3
Na5 22. Qd4 Nc6 23. Qe3  1/2-1/2

[Event "Marienbad Open 2022 - C FIDE Open"]
[Site "Continental hotel, Marianske Lazne"]
[Date "2022.01.18"]
[Round "4"]
[Board "2"]
[White "Kastner, Jan"]
[Black "Kolbus, Dietmar"]
[Result "0-1"]
[WhiteElo "2001"]
[BlackElo "2301"]
[PlyCount "76"]
[EventDate "2022.01.15"]
[EventRounds "9"]
[EventCountry "CZE"]

1. d4 Nf6 2. Bf4 g6 3. e3 Bg7 4. Bd3 d6 5. h3 Nbd7 6. Nd2 e5 7. Bg5 h6 8. Bh4
O-O 9. c3 Qe8 10. Qe2 a6 11. dxe5 dxe5 12. e4 Nc5 13. Bc2 Nh5 14. O-O-O Be6 15.
Nb3 Nf4 16. Qf1 Na4 17. f3 b5 18. Bf2 Bc4 19. Qe1 Nxg2 20. Qd2 Rd8 21. Qxd8
Qxd8 22. Rxd8 Rxd8 23. Rh2 Nf4 24. Be3 Nd3+ 25. Bxd3 Rxd3 26. Ba7 Bf8 27. Kc2
Rd7 28. Rd2 Rxd2+ 29. Nxd2 Be6 30. b3 Nb6 31. Bb8 Bd6 32. Kd3 Kf8 33. Nf1 Nc8
34. Ne3 Ke8 35. c4 Kd7 36. Nd5 Kc6 37. c5 Bxc5 38. Nxc7 Bxg1  0-1

[Event "Marienbad Open 2022 - C FIDE Open"]
[Site "Continental hotel, Marianske Lazne"]
[Date "2022.01.18"]
[Round "4"]
[Board "3"]
[White "Gorkiewicz, Mateusz"]
[Black "Paseka, Matyas"]
[Result "1/2-1/2"]
[WhiteElo "2028"]
[BlackElo "2052"]
[PlyCount "48"]
[EventDate "2022.01.15"]
[EventRounds "9"]
[EventCountry "CZE"]

1. e4 c5 2. Nf3 d6 3. d4 cxd4 4. Nxd4 Nf6 5. Nc3 a6 6. a4 e5 7. Nf3 Be7 8. Bg5
Be6 9. Bxf6 Bxf6 10. Nd5 Nd7 11. Bc4 Nb6 12. Nxf6+ Qxf6 13. Bxe6 Qxe6 14. O-O
O-O 15. Qd3 Rac8 16. Rfd1 Rc6 17. b3 Rfc8 18. c4 Nd7 19. a5 Nc5 20. Qe3 Qg4 21.
Nd2 Ne6 22. f3 Qg6 23. Nf1 Nd4 24. Rxd4 exd4  1/2-1/2

[Event "Marienbad Open 2022 - C FIDE Open"]
[Site "Continental hotel, Marianske Lazne"]
[Date "2022.01.18"]
[Round "4"]
[Board "4"]
[White "Vantuch, Lucian"]
[Black "Azhar, Puteri Munajjah Az-Zahraa"]
[Result "1/2-1/2"]
[WhiteElo "1997"]
[BlackElo "2052"]
[PlyCount "32"]
[EventDate "2022.01.15"]
[EventRounds "9"]
[EventCountry "CZE"]

1. Nf3 d5 2. g3 Nf6 3. Bg2 e6 4. O-O Be7 5. d3 O-O 6. Nbd2 b6 7. e4 dxe4 8.
Nxe4 Bb7 9. Nc3 c5 10. Re1 Na6 11. Ne5 Bxg2 12. Kxg2 Nb4 13. a3 Nbd5 14. Nc6
Qc7 15. Nxe7+ Qxe7 16. Nxd5 Nxd5  1/2-1/2

[Event "Marienbad Open 2022 - C FIDE Open"]
[Site "Continental hotel, Marianske Lazne"]
[Date "2022.01.18"]
[Round "4"]
[Board "5"]
[White "Stojkovic, Andreja"]
[Black "Balje, Jan"]
[Result "0-1"]
[WhiteElo "1925"]
[BlackElo "2198"]
[PlyCount "104"]
[EventDate "2022.01.15"]
[EventRounds "9"]
[EventCountry "CZE"]

1. e4 c5 2. Nf3 Nc6 3. d4 cxd4 4. Nxd4 Nf6 5. Nc3 d6 6. Be2 e5 7. Nf3 Be7 8.
O-O O-O 9. h3 a6 10. Be3 b5 11. Bd3 Bb7 12. a3 Nb8 13. Qe2 Nbd7 14. Rad1 Qc7
15. Bg5 h6 16. Bxf6 Nxf6 17. Nh2 Rfe8 18. Ng4 Nd7 19. Ne3 Nb6 20. Nf5 Bf8 21.
Rfe1 g6 22. Ne3 Bg7 23. Qg4 Kh7 24. Qg3 Rad8 25. Kh1 h5 26. Be2 Bh6 27. Rd3 Qc5
28. Qf3 Kg7 29. Qg3 Kh7 30. Qf3 f5 31. Nxf5 Rf8 32. g4 d5 33. exd5 gxf5 34.
gxf5 Nxd5 35. Nxd5 Bxd5 36. Rxd5 Qxd5 37. Qxd5 Rxd5 38. Bd3 Kg7 39. Kg2 Kf6 40.
Kf3 Rg8 41. a4 Rd4 42. axb5 axb5 43. Ra1 Rf4+ 44. Ke2 Rg2 45. Ra6+ Kg7 46. Ra7+
Kf8 47. Ra8+ Ke7 48. Ra7+ Kd8 49. Bxb5 e4 50. Rd7+ Kc8 51. Rd6 Rfxf2+ 52. Ke1
Bd2+  0-1

[Event "Marienbad Open 2022 - C FIDE Open"]
[Site "Continental hotel, Marianske Lazne"]
[Date "2022.01.18"]
[Round "4"]
[Board "6"]
[White "Borisek, Anze"]
[Black "Nytra, Ondrej"]
[Result "0-1"]
[WhiteElo "1895"]
[BlackElo "2146"]
[PlyCount "50"]
[EventDate "2022.01.15"]
[EventRounds "9"]
[EventCountry "CZE"]

1. f4 g6 2. c3 Bg7 3. d4 d5 4. Nf3 c6 5. e3 Nf6 6. Bd3 O-O 7. Qc2 b6 8. O-O Ba6
9. Ne5 Qc8 10. Nd2 Bxd3 11. Qxd3 a5 12. e4 Na6 13. exd5 Nxd5 14. Ne4 e6 15. Qh3
c5 16. b3 f6 17. Nf3 f5 18. Neg5 h6 19. c4 hxg5 20. fxg5 Nc3 21. Ne5 Bxe5 22.
dxe5 Ne4 23. Qh6 Qe8 24. g4 Ra7 25. gxf5 exf5  0-1

[Event "Marienbad Open 2022 - C FIDE Open"]
[Site "Continental hotel, Marianske Lazne"]
[Date "2022.01.18"]
[Round "4"]
[Board "7"]
[White "Vilimek, Vit"]
[Black "Laith, Kasib"]
[Result "0-1"]
[WhiteElo "1827"]
[BlackElo "2020"]
[PlyCount "86"]
[EventDate "2022.01.15"]
[EventRounds "9"]
[EventCountry "CZE"]

1. e4 d6 2. d4 Nf6 3. Nc3 g6 4. Nf3 Bg7 5. h3 Nc6 6. Bc4 O-O 7. e5 dxe5 8. dxe5
Qxd1+ 9. Kxd1 Nd7 10. e6 fxe6 11. Bxe6+ Kh8 12. Be3 Nde5 13. Ng5 Rf6 14. Bb3
Na5 15. Kc1 Nec4 16. Bd4 e5 17. Be3 Nxb3+ 18. axb3 Nxe3 19. fxe3 Bh6 20. h4 c6
21. Nce4 Rf8 22. Nd6 a6 23. Ngf7+ Kg7 24. Nxh6 Kxh6 25. Ra5 Rf2 26. Rxe5 Bg4
27. Re7 Raf8 28. Rxb7 Rf1+ 29. Rxf1 Rxf1+ 30. Kd2 Rd1+ 31. Kc3 Rxd6 32. Rb6 Be2
33. Kb4 Kh5 34. c4 Kxh4 35. Kc5 Rf6 36. Rxa6 Kg3 37. b4 h5 38. b5 Rf5+ 39. Kxc6
Bxc4 40. Ra3 Bxb5+ 41. Kd6 Kxg2 42. e4 Rg5 43. e5 h4  0-1

[Event "Marienbad Open 2022 - C FIDE Open"]
[Site "Continental hotel, Marianske Lazne"]
[Date "2022.01.18"]
[Round "4"]
[Board "8"]
[White "Peglau, Charis"]
[Black "Svizensky, Lubos"]
[Result "1-0"]
[WhiteElo "1818"]
[BlackElo "1935"]
[PlyCount "117"]
[EventDate "2022.01.15"]
[EventRounds "9"]
[EventCountry "CZE"]

1. e4 c6 2. d4 d5 3. Nd2 Nf6 4. e5 Ng8 5. Bd3 h5 6. c3 g6 7. Qc2 e6 8. Ndf3 Ne7
9. Bg5 Qc7 10. Ne2 Nf5 11. h3 Be7 12. O-O-O Bxg5+ 13. Nxg5 h4 14. g4 hxg3 15.
Nxg3 Qe7 16. Nf3 b6 17. Nxf5 gxf5 18. Rdg1 Ba6 19. h4 Bxd3 20. Qxd3 Nd7 21. h5
O-O-O 22. h6 Nf8 23. Qe3 Nh7 24. Ng5 Nxg5 25. Qxg5 Qxg5+ 26. Rxg5 Rh7 27. Rg7
Rdh8 28. Kd2 Kd7 29. Rxh7 Rxh7 30. Ke3 Ke7 31. Kf4 f6 32. exf6+ Kxf6 33. a4 c5
34. b4 c4 35. b5 Kg6 36. Ke5 Kf7 37. Kd6 Kf6 38. Re1 Re7 39. f4 Re8 40. h7 Rd8+
41. Kc7 Rh8 42. Rh1 Kg6 43. Kd6 Kf7 44. Rh2 Rd8+ 45. Kc7 Rh8 46. Kb7 Kg6 47.
Kxa7 Rxh7+ 48. Rxh7 Kxh7 49. a5 e5 50. axb6 exd4 51. b7 dxc3 52. b8=Q c2 53.
Qb7+ Kh8 54. Qc8+ Kg7 55. Qd7+ Kf6 56. Qd6+ Kg7 57. Qe5+ Kh6 58. Qf6+ Kh7 59.
Qxf5+  1-0